000 00687nam a2200289Ia 4500
005 20260324135851.0
008 008 260324s9999 xx 000 0 eng d
020 _a9780203727843
037 _aEBOOK
040 _aCRL
040 _beng
040 _cCRL
041 _2eng
041 _aeng
084 _qCRL
100 _aSteven D Axelrod
_91202214
245 0 _aWork and the Evolving Self
245 0 _bTheoretical and Clinical Considerations
260 _bTaylor and Francis
260 _c1999
365 _a
365 _b195
856 _uhttp://www.taylorfrancis.com/books/9780203727843
942 _cEBOOK
999 _c1803728
_d1803728